Основы электродинамики сплошных сред: учебное пособие

Dades bibliogràfiques
Autor principal: Бурмистров С. Н. Сергей Николаевич
Sumari:В основе книги лежит курс лекций по электродинамике сплошных сред, предлагаемый студентам первого года магистратуры в качестве специального дополнения к программе базового курса теоретической физики Московского физико-технического института. Изложены теоретические основы и методы макроскопического описания электромагнитного поля в веществе. Отбор материала определился преимущественно личным опытом и предпочтениями автора с учетом программы базового курса теоретической физики МФТИ.
Idioma:rus
Publicat: Долгопрудный, Интеллект, 2018
Col·lecció:Физтеховский учебник
Matèries:
Format: Llibre
KOHA link:https://koha.lib.tpu.ru/cgi-bin/koha/opac-detail.pl?biblionumber=340874

MARC

LEADER 00000nam0a2200000 4500
001 340874
005 20231102005303.0
010 |a 9785915592390 
035 |a (RuTPU)RU\TPU\book\367884 
090 |a 340874 
100 |a 20180418d2018 m y0rusy50 ca 
101 0 |a rus 
102 |a RU 
105 |a a j 001zy 
200 1 |a Основы электродинамики сплошных сред  |e учебное пособие  |f С. Н. Бурмистров 
210 |a Долгопрудный  |c Интеллект  |d 2018 
215 |a 246 с.  |c ил. 
225 1 |a Физтеховский учебник 
320 |a Библиогр.: с. 246 
330 |a В основе книги лежит курс лекций по электродинамике сплошных сред, предлагаемый студентам первого года магистратуры в качестве специального дополнения к программе базового курса теоретической физики Московского физико-технического института. Изложены теоретические основы и методы макроскопического описания электромагнитного поля в веществе. Отбор материала определился преимущественно личным опытом и предпочтениями автора с учетом программы базового курса теоретической физики МФТИ. 
606 1 |a Электродинамика  |2 stltpush  |3 (RuTPU)RU\TPU\subj\19944  |9 45105 
606 1 |a Механика сплошных сред  |2 stltpush  |3 (RuTPU)RU\TPU\subj\43578  |9 63063 
610 1 |a физика 
610 1 |a электростатическое поле 
610 1 |a постоянный ток 
610 1 |a магнитостатические поля 
610 1 |a магнитные среды 
610 1 |a квазистационарное поле 
610 1 |a электромагнитное поле 
610 1 |a электромагнитные волны 
610 1 |a рассеяние 
610 1 |a быстрые частицы 
610 1 |a излучение Черенкова 
610 1 |a ионизационные потери 
610 1 |a ферромагнетики 
610 1 |a движение 
610 1 |a учебные пособия 
675 |a 537.8(075.8)  |v 4 
675 |a 531/534(075.8)  |v 4 
700 1 |a Бурмистров  |b С. Н.  |g Сергей Николаевич 
801 1 |a RU  |b 63413507  |c 20180418 
801 2 |a RU  |b 63413507  |c 20191024  |g RCR 
942 |c BK 
959 |a 3/20180221  |d 1  |e 1562,00  |f ЧЗТЛ:1